30 Facts That Start with 'Q' Quiz Stats

 Plays Quiz Updated Nov 7, 2017

Also try: Everyday Acronyms
Challenge
Share
Tweet
Embed
Score 0/30 Timer 05:00
1 Play Today
Question Answer % Correct
Freddie Mercury was the lead singer of what rock group?Queen
93.3%
French is the official language of which Canadian province?Quebec
91.9%
In the internet abbreviation F.A.Q., what does the letter 'Q' stand for?Questions
87.9%
From the Italian for '40 days', what name is given to an isolation period for people or animals with a contagious disease?Quarantine
86.9%
Doha is the capital city of what oil-rich Asian country?Qatar
85.8%
What oats company shares its name with a member of the 'Society of Friends'?Quaker
85.1%
Amethyst is a purple variety of which mineral?Quartz
84.9%
What writing implement was made from the feather of a large bird?Quill
82.8%
What is the surname of Hollywood acting brothers Dennis and Randy?Quaid
78.4%
What name is given to the container in which an archer keeps his arrows?Quiver
77.6%
In Victor Hugo's novel, what is the name of 'The Hunchback of Notre Dame'?Quasimodo
77.4%
Which large muscle at the front of the thigh is divided into four distinct portions?Quadriceps
75.6%
What seven-a-side fictional sport was invented by J.K. Rowling for the 'Harry Potter' book series?Quidditch
74.8%
The musical instruction 'pianissimo' indicates a piece is to be played how?Quietly
74.5%
In mathematics, what name is given to the result of dividing one number by another?Quotient
71.2%
Question Answer % Correct
Jane Seymour played which TV 'doctor' and 'medicine woman'?Quinn (Michaela 'Mike')
71.1%
What is the name of Australia's national airline?Qantas
68%
Daniel Craig's second appearance as James Bond was in what 2008 film?Quantum of Solace
64.9%
In which fictional Rhode Island town is the cartoon series 'Family Guy' set?Quahog
61.3%
What is the capital of Ecuador?Quito
58.2%
Due to its consistency and color, how is the element mercury commonly known?Quicksilver
56.1%
Used nowadays in tonic waters, what natural substance was the first effective treatment for malaria?Quinine
54.9%
'Up', 'Down', 'Charm', 'Strange', 'Bottom' and 'Top' are the six flavors of what elementary particle?Quark
54.5%
Who was George H. W. Bush's Vice President?Quayle (Dan)
53.5%
What 1994 Robert Redford directed film is based on the 'Twenty One' game show scandals of the 1950s?Quiz Show
46.6%
Scott Bakula played Doctor Sam Beckett in what TV series?Quantum Leap
43.1%
Which U.S. actor played Sylar in the TV series 'Heroes' and Spock in the 2009 film 'Star Trek'?Quinto (Zachary)
42.9%
In music, what is the British name for an 'eighth note' in the U.S. and Canada?Quaver
27.1%
What 1973 rock opera by The Who was the basis for a 1979 film of the same name?Quadrophenia
24.3%
What vegetarian food company made its U.K debut in 1994 and U.S. debut in 2002?Quorn
24%

You're not logged in!

Compare scores with friends on all Sporcle quizzes.
Join for Free
OR
Log In

You Might Also Like...

Show Comments

Extras

Top Quizzes Today


Score Distribution

Your Account Isn't Verified!

In order to create a playlist on Sporcle, you need to verify the email address you used during registration. Go to your Sporcle Settings to finish the process.

Report this User

Report this user for behavior that violates our Community Guidelines.

Details: